| 000 | 00549nam a2200217Ia 4500 | ||
|---|---|---|---|
| 003 | LK-CoDNM | ||
| 005 | 20240320105216.0 | ||
| 008 | 010623t1936 xxu||||| |||| 00| 1 eng d | ||
| 040 |
_aLK-CoDNM _dLK-CoDNM _eLK-CoDNM |
||
| 041 | _aeng | ||
| 080 | _aA76 | ||
| 100 | _aBose,M.M | ||
| 245 | _aParamattha Dipani Iti VuttakatthaKatha of Dhammapala | ||
| 260 |
_bThe Pali Text Socety _alondon _c1936 |
||
| 300 |
_bDamaged _avii,198p.,21 cm |
||
| 490 | _vVol. II | ||
| 650 | _aAtuva | ||
| 650 | _aBuddhism | ||
| 650 | _aSuthra Pitaka | ||
| 942 | _cBK | ||
| 999 |
_c98044 _d98044 |
||